Forecasting Volatility in the Financial Market (Record no. 1092758)

MARC details
000 -LEADER
fixed length control field 00380nam a2200133Ia 4500
008 - FIXED-LENGTH DATA ELEMENTS--GENERAL INFORMATION
fixed length control field 231228s2002 xx 000 0 und d
041 ## - LANGUAGE CODE
Language code of text/sound track or separate title eng
082 ## - DEWEY DECIMAL CLASSIFICATION NUMBER
Classification number 658.155
Item number KNI
100 ## - MAIN ENTRY--PERSONAL NAME
Personal name KNIGHT (John) / SATCHELL (Stephen)
245 ## - TITLE STATEMENT
Title Forecasting Volatility in the Financial Market
250 ## - EDITION STATEMENT
Edition statement 2nd
260 ## - PUBLICATION, DISTRIBUTION, ETC.
Place of publication, distribution, etc. London
Name of publisher, distributor, etc. Butter Worth and Heine Man London,
Date of publication, distribution, etc. 2002
300 ## - PHYSICAL DESCRIPTION
Extent 407

No items available.